MARC details
| 000 -LEADER |
| fixed length control field |
00836nam a2200217 4500 |
| 001 - CONTROL NUMBER |
| control field |
1110 |
| 003 - CONTROL NUMBER IDENTIFIER |
| control field |
OCoLC |
| 005 - DATE AND TIME OF LATEST TRANSACTION |
| control field |
20181127162704.0 |
| 008 - FIXED-LENGTH DATA ELEMENTS--GENERAL INFORMATION |
| fixed length control field |
081104s2008 enk 000 0 eng d |
| 020 ## - INTERNATIONAL STANDARD BOOK NUMBER |
| International Standard Book Number |
0751529818 |
|
| International Standard Book Number |
9780751529814 |
| 100 1# - MAIN ENTRY--PERSONAL NAME |
| Personal name |
Albom, Mitch. |
| 245 10 - TITLE STATEMENT |
| Title |
Tuesdays with Morrie : |
| Remainder of title |
an old man, a young man, and life's greatest lesson / |
| Statement of responsibility, etc. |
Mitch Albom. |
| 260 ## - PUBLICATION, DISTRIBUTION, ETC. |
| Place of publication, distribution, etc. |
London : |
| Name of publisher, distributor, etc. |
Sphere, |
| Date of publication, distribution, etc. |
2008. |
| 300 ## - PHYSICAL DESCRIPTION |
| Extent |
210 p. |
| 600 ## - SUBJECT ADDED ENTRY--PERSONAL NAME |
| Personal name |
Schwartz, Morris S. |
| Numeration |
|
| Titles and other words associated with a name |
|
| Dates associated with a name |
|
| Relator term |
|
| Date of a work |
|
| Form subheading |
|
| Language of a work |
|
| Medium of performance for music |
|
| Number of part/section of a work |
|
| Arranged statement for music |
|
| Name of part/section of a work |
|
| Fuller form of name |
|
| Key for music |
|
| Version |
|
| Title of a work |
|
| Form subdivision |
|
| General subdivision |
|
| Chronological subdivision |
|
| Geographic subdivision |
|
| Source of heading or term |
|
| 650 ## - SUBJECT ADDED ENTRY--TOPICAL TERM |
| Topical term or geographic name entry element |
Amyotrophic lateral sclerosis -- Patients -- United States -- Biography. |
| Form subdivision |
|
| General subdivision |
|
| Chronological subdivision |
|
| Geographic subdivision |
|
| Source of heading or term |
|
|
| Topical term or geographic name entry element |
Brandeis University -- Faculty -- Biography. |
| Form subdivision |
|
| General subdivision |
|
| Chronological subdivision |
|
| Geographic subdivision |
|
| Source of heading or term |
|
|
| Topical term or geographic name entry element |
Death --Psychological aspects --Case studies. |
| Form subdivision |
|
| General subdivision |
|
| Chronological subdivision |
|
| Geographic subdivision |
|
| Source of heading or term |
|
|
| Topical term or geographic name entry element |
Teacher-student relationships --United States --Case studies. |
| Form subdivision |
|
| General subdivision |
|
| Chronological subdivision |
|
| Geographic subdivision |
|
| Source of heading or term |
|